| 000 | 00616nam a2200229Ia 4500 | ||
|---|---|---|---|
| 003 | OSt | ||
| 005 | 20221006164610.0 | ||
| 006 | a|||||r|||| 00| 0 | ||
| 007 | ta | ||
| 008 | 221006b |||||||| |||| 00| 0 eng d | ||
| 024 | _a2,443 | ||
| 037 | _cTextual | ||
| 040 |
_aFML _cFML _beng |
||
| 041 |
_2eng _aeng |
||
| 082 | _aNR5, J51 -; 2 | ||
| 100 | _aSachs Curt Au. | ||
| 245 | 0 |
_aOur Musical Heritage _b A Short History of Music |
|
| 260 |
_aEnglewood _bPrentice Hall _c1955 |
||
| 300 |
_a351 _ccm. |
||
| 942 |
_hNR5, J51 -; 2 _cTEXL _2CC |
||
| 999 |
_c1117805 _d1117805 |
||